Library of the University of Algiers 3
Ibrahim Sultan Cheibout
شعار جامعة الجزائر 3
مكتبة جامعة الجزائر 3
إبراهيم سلطان شيبوط

طرق البحث النوعي / (رقم التسجيلة. 43091)

تفاصيل مارك
000 -LEADER
fixed length control field 01352nam a2200241Ia 4500
003 - CONTROL NUMBER IDENTIFIER
control field Ost
005 - DATE AND TIME OF LATEST TRANSACTION
control field 20260507075122.0
008 - FIXED-LENGTH DATA ELEMENTS--GENERAL INFORMATION
fixed length control field 260507s9999||||xx |||||||||||||| ||und||
040 ## - CATALOGING SOURCE
Transcribing agency fsecg
041 ## - LANGUAGE CODE
Language code of text/sound track or separate title ara
082 ## - DEWEY DECIMAL CLASSIFICATION NUMBER
Classification number 300
100 ## - MAIN ENTRY--PERSONAL NAME
Personal name أبو زينة، فريد
Relator term مؤلف
245 #0 - TITLE STATEMENT
Title طرق البحث النوعي /
Statement of responsibility, etc. فريد أبو زينة
260 ## - PUBLICATION, DISTRIBUTION, ETC.
Place of publication, distribution, etc. عمان:
Name of publisher, distributor, etc. دار المسيرة,
Date of publication, distribution, etc. 2005
300 ## - PHYSICAL DESCRIPTION
Extent 415 صفحة؛
Other physical details إيضاحات ؛
Dimensions 24 سم
490 ## - SERIES STATEMENT
Series statement مناهج البحث العلمي
520 ## - SUMMARY, ETC.
Summary, etc. البحث العلمي ووظائفه-مدخل إلى البحث النوعي-المعاينة وجمع البيانات-تصميم البحث النوعي-العمل الميداني ودور الباحث-الصدق والموضوعية في البحث العلمي-جمع البيانات النوعية(1)الملاحظة الميدانية-جمع البيانات النوعية(2)المقابلة المعمقة-تحليل البيانات النوعية-البحث والتحليل-إعداد مخطط البحث-البحث الإجرائي-إعداد تقرير البحث النوعي-البحث النوعي في القانون
653 ## - INDEX TERM--UNCONTROLLED
Uncontrolled term أساليب البحث
653 ## - INDEX TERM--UNCONTROLLED
Uncontrolled term الأبحاث
653 ## - INDEX TERM--UNCONTROLLED
Uncontrolled term البحث الميداني
653 ## - INDEX TERM--UNCONTROLLED
Uncontrolled term التفكير المبدع
942 ## - ADDED ENTRY ELEMENTS (KOHA)
Koha item type كتب
المقتنيات
Withdrawn status Lost status Source of classification or shelving scheme Damaged status Not for loan Home library Current library Date acquired Serial enumeration / chronology Inventory number Total checkouts Full call number Barcode Date last seen Price effective from Koha item type
    Dewey Decimal Classification   NOT LOAN / إعارة داخلية مكتبة كلية العلوم الإقتصادية والعلوم التجارية وعلوم التسيير مكتبة كلية العلوم الإقتصادية والعلوم التجارية وعلوم التسيير 07/05/2026 الطابق الأرضي 2015/1   أ/2015ن1 2015/1 07/05/2026 07/05/2026 كتب
    Dewey Decimal Classification   Available مكتبة كلية العلوم الإقتصادية والعلوم التجارية وعلوم التسيير مكتبة كلية العلوم الإقتصادية والعلوم التجارية وعلوم التسيير 07/05/2026 الطابق الأرضي 2015/2   أ/2015ن2 2015/2 07/05/2026 07/05/2026 كتب
    Dewey Decimal Classification   Available مكتبة كلية العلوم الإقتصادية والعلوم التجارية وعلوم التسيير مكتبة كلية العلوم الإقتصادية والعلوم التجارية وعلوم التسيير 07/05/2026 الطابق الأرضي 2015/3   أ/2015ن3 2015/3 07/05/2026 07/05/2026 كتب
    Dewey Decimal Classification   Available مكتبة كلية العلوم الإقتصادية والعلوم التجارية وعلوم التسيير مكتبة كلية العلوم الإقتصادية والعلوم التجارية وعلوم التسيير 07/05/2026 الطابق الثاني 2015/4   أ/2015ن4 2015/4 07/05/2026 07/05/2026 كتب
    Dewey Decimal Classification   Available مكتبة كلية العلوم الإقتصادية والعلوم التجارية وعلوم التسيير مكتبة كلية العلوم الإقتصادية والعلوم التجارية وعلوم التسيير 07/05/2026 الطابق الثاني 2015/5   أ/2015ن5 2015/5 07/05/2026 07/05/2026 كتب

موارد الويب المفتوحة


© University of Algiers 3 All Rights Reserved
|
Implemented by LECHELAH Riad